| 000 | 00908nam a2200217Ia 4500 | ||
|---|---|---|---|
| 999 |
_c3711 _d3711 |
||
| 003 | OSt | ||
| 005 | 20200407142618.0 | ||
| 008 | 191128s1962 ck gr 001 0dspa d | ||
| 040 |
_aCO-JMCR _cCO-JMCR |
||
| 041 | 0 | _aspa | |
| 082 | 0 | 4 |
_a261.7 / _bJ371d |
| 100 | 1 |
_aJaramillo, Francisco de Paula, _eautor _92691 |
|
| 245 | 1 | 3 |
_aLa democracia cristiana : _buna nueva perspectiva para Colombia / _cFrancisco de Paula Jaramillo |
| 260 |
_aBogotá : _bEdiciones del Caribe, _c1962 |
||
| 300 |
_a121 páginas _c17 cm. |
||
| 500 | _aIncluye biografía. | ||
| 505 | _aLa democracia cristiana : una nueva perspectuiva para colombia -- Planeamientos socio_economos de la democracia cristiana -- La democracia cristiana como fuerza de proyectos mundiales -- La hora de la democracia cristiana | ||
| 650 | 1 | 4 |
_aDemocracia cristiana _92692 |
| 650 | 2 | 4 |
_aIglesia Católica _xproblemas sociales _92693 |
| 942 |
_2ddc _cBK |
||